[Event "AUTO-INT-2774"]
[Site "http://www.queenalice.com/game.php?id=1239447"]
[Date "2013.12.12"]
[Round "1"]
[White "Mariojose"]
[Black "jfkarlsson"]
[Result "0-1"]
[WhiteElo "1611"]
[BlackElo "1447"]

1. e4 e5 2. Nf3 f6 3. Nc3 c6 4. Bc4 Ne7 5. a3 d6 6. Be2 b5 7. b4 Nd7 8. Nh4 a5
9. bxa5 Rxa5 10. d3 Qb6 11. Bd2 Ra6 12. O-O Qa7 13. Nb1 Nc5 14. Bb4 d5 15. exd5
Nxd5 16. h3 g6 17. Nf3 Bd6 18. Kh1 O-O 19. Qd2 Ra4 20. Qd1 Nxb4 21. c3 Nd5 22.
Nfd2 Nxc3 23. Qc2 Nxe2 24. Ne4 Nd4 25. Qa2+ Ncb3 26. Nxd6 Be6 27. Qb2 Nxa1 28.
Qxa1 Nc2 29. Qc3 Nxa3 30. Qxc6 Nxb1 31. Rxb1 Qxf2 32. Ne4 Qh4 33. Qxe6+ Kg7 34.
Qd7+ Kg8 35. Qd5+ Kg7 36. Qd7+ Rf7 37. Qd5 b4 38. Qe6 Ra3 39. Rb3 Ra1+ 40. Kh2
Qf4+ 41. Ng3 Ra3 42. Qd5 Rxb3 43. Qxb3 h5 44. Kg1 Qxg3 0-1

[Event "AUTO-INT-2774"]
[Site "http://www.queenalice.com/game.php?id=1239448"]
[Date "2013.12.12"]
[Round "1"]
[White "jfkarlsson"]
[Black "Rod_"]
[Result "0-1"]
[WhiteElo "1466"]
[BlackElo "1652"]

1. d4 d5 2. e3 Nf6 3. Bd3 e6 4. Nf3 Nc6 5. O-O Ne4 6. Bxe4 dxe4 7. Nfd2 e5 8. c3
Qg5 9. Nxe4 Qg6 10. Qf3 Bg4 11. Qg3 Bf5 12. d5 Ne7 13. Qxg6 Bxg6 14. Ng5 Nxd5
15. e4 Nf6 16. f4 Bc5+ 17. Kh1 exf4 18. e5 Nh5 19. Bxf4 Nxf4 20. Rxf4 h6 21. Ne4
Bb6 22. Na3 O-O 23. Nc4 Rfe8 24. Re1 Rad8 25. Nxb6 axb6 26. Nd2 Rxd2 27. Rb4
Red8 28. h3 Rd1 29. Rxd1 Rxd1+ 30. Kh2 Re1 31. Rc4 c5 32. b4 cxb4 33. Rxb4 Rxe5
34. Rxb6 Be4 35. Kg3 Ra5 36. Rb2 b5 37. Kf2 Bd5 0-1

[Event "AUTO-INT-2774"]
[Site "http://www.queenalice.com/game.php?id=1239449"]
[Date "2013.12.12"]
[Round "1"]
[White "Rod_"]
[Black "jfkarlsson"]
[Result "1-0"]
[WhiteElo "1613"]
[BlackElo "1457"]

1. e4 e5 2. Nc3 Bb4 3. a3 Bxc3 4. bxc3 f6 5. d4 d6 6. d5 Ne7 7. Qf3 f5 8. exf5
Bxf5 9. Qh5+ g6 10. Qh6 Kd7 11. Bb5+ Kc8 12. Bd3 Nxd5 13. Bxf5+ Nd7 14. Bxd7+
Kxd7 15. Qh3+ Ke8 16. Qe6+ Ne7 17. Qb3 b6 18. Nf3 Qd7 19. Bh6 Qg4 20. O-O Nf5
21. Qb5+ Kd8 22. Qc6 Rb8 23. Bg5+ Kc8 24. h3 Nd4 25. cxd4 Qf5 26. dxe5 dxe5 27.
Rfe1 h6 28. Rxe5 Qf8 29. Rae1 hxg5 30. Re8+ Qxe8 31. Rxe8+ Rxe8 32. Qxe8+ Kb7
33. Qxg6 a5 34. Qxg5 Re8 35. Qd5+ Ka6 36. Nd4 Re1+ 37. Kh2 Rd1 38. Qc4+ b5 39.
Qc6+ Ka7 40. Nxb5+ Kb8 41. Qxc7+ Ka8 42. Qa7# 1-0

[Event "AUTO-INT-2819"]
[Site "http://www.queenalice.com/game.php?id=1263468"]
[Date "2014.3.9"]
[Round "1"]
[White "jfkarlsson"]
[Black "Rod_"]
[Result "0-1"]
[WhiteElo "1560"]
[BlackElo "1594"]

1. d4 e6 2. c3 d5 3. Nf3 Nc6 4. e3 h6 5. Bd3 Nf6 6. O-O Ne4 7. Bxe4 dxe4 8. Nfd2
f5 9. Qh5+ Kd7 10. Qf7+ Qe7 11. Qxe7+ Bxe7 12. Nc4 h5 13. b4 a6 14. Rd1 h4 15.
d5 exd5 16. Rxd5+ Ke6 17. Rd1 h3 18. gxh3 Rxh3 19. Kg2 Rh4 20. Nbd2 b5 21. Nb2
Bb7 22. f3 Ne5 23. f4 Nd3 24. Nxd3 exd3+ 25. Nf3 Rg4+ 26. Kf2 Rd8 27. Nd4+ Kf6
28. Nf3 Be4 29. Rg1 Rxg1 30. Nxg1 d2 31. Bxd2 Rxd2+ 0-1

[Event "AUTO-INT-2819"]
[Site "http://www.queenalice.com/game.php?id=1263469"]
[Date "2014.3.9"]
[Round "1"]
[White "Rod_"]
[Black "jfkarlsson"]
[Result "1-0"]
[WhiteElo "1561"]
[BlackElo "1572"]

1. d3 f6 2. e4 e5 3. Nc3 c6 4. h3 d6 5. Be2 d5 6. exd5 cxd5 7. Nf3 Bb4 8. Bd2 d4
9. Ne4 Qb6 10. O-O Bxd2 11. Qxd2 Bf5 12. Nh4 Bxe4 13. dxe4 Qxb2 14. Nf5 Kf8 15.
Bc4 Nc6 16. Rfb1 Qc3 17. Qxc3 dxc3 18. Nd6 Nd8 19. Rb3 Ne7 20. Rxc3 Nc8 21. Rd3
Nxd6 22. Rxd6 Rc8 23. a4 Ke7 24. Rad1 Rxc4 25. Rd7+ Ke6 26. R1d6# 1-0

[Event "AUTO-INT-2819"]
[Site "http://www.queenalice.com/game.php?id=1263470"]
[Date "2014.3.9"]
[Round "1"]
[White "jfkarlsson"]
[Black "Philchess"]
[Result "0-1"]
[WhiteElo "1475"]
[BlackElo "1577"]

1. e4 c5 2. Ne2 e5 3. c4 Nf6 4. f3 Be7 5. g3 Nc6 6. Bh3 O-O 7. O-O b6 8. d3 d6
9. Nbc3 Bxh3 10. Re1 h5 11. Qa4 Nd4 12. Be3 Nxf3+ 13. Kh1 Nxe1 14. Rxe1 Ng4 15.
Bg1 Bg5 16. Nd1 Qf6 17. Bf2 Nxf2+ 18. Kg1 Nxd1 19. Qxd1 Be3+ 20. Kh1 Qf3# 0-1

[Event "AUTO-INT-2819"]
[Site "http://www.queenalice.com/game.php?id=1263471"]
[Date "2014.3.9"]
[Round "1"]
[White "Philchess"]
[Black "jfkarlsson"]
[Result "1-0"]
[WhiteElo "1495"]
[BlackElo "1529"]

1. e4 e5 2. Nf3 f6 3. d4 Bd6 4. Bc4 c6 5. c3 b5 6. Bxg8 Rxg8 7. O-O Qc7 8. Re1
Bb7 9. Be3 c5 10. dxc5 Bxc5 11. Bxc5 Qxc5 12. b4 Qb6 13. Nbd2 d5 14. exd5 Bxd5
15. a4 a5 16. axb5 Qxb5 17. bxa5 Rxa5 18. c4 Rxa1 19. Qxa1 Bxc4 20. Nxc4 Qxc4
21. Rc1 Qb3 22. Rb1 Qd5 23. Rxb8+ Kf7 24. Rxg8 Kxg8 25. h3 g5 26. Ne1 h5 27. f3
f5 28. Qc1 f4 29. Kh2 h4 30. Nc2 Qc6 31. Qd2 Kf7 32. Nb4 Qa4 33. Qd5+ Kf6 34.
Nd3 Qd1 35. Qxe5+ Kg6 36. Nxf4+ Kh6 37. Qf6+ Kh7 38. Qxg5 1-0

[Event "AUTO-INT-2819"]
[Site "http://www.queenalice.com/game.php?id=1263472"]
[Date "2014.3.9"]
[Round "1"]
[White "jfkarlsson"]
[Black "Nelsonbento"]
[Result "1-0"]
[WhiteElo "1485"]
[BlackElo "1592"]

1. c3 b5 2. d4 Bb7 3. f3 h6 4. e4 a6 5. Bd3 d5 6. Ne2 e6 7. O-O Be7 8. e5 f6 9.
Nf4 f5 10. Nxe6 Qc8 11. Nxg7+ Kf7 12. Bxf5 Qf8 13. Ne6 Qe8 14. Nxc7 Qc6 15. Nxa8
Bxa8 16. Bf4 Bg5 17. e6+ Ke7 18. Bxb8 Kf6 19. Be5+ Kxf5 20. Qd3+ Kxe6 21. Bxh8
Bf4 22. Qg6+ Kd7 23. Qxc6+ Bxc6 24. a4 Ne7 25. axb5 Bxb5 26. Re1 Nf5 27. g3 Be3+
28. Kg2 h5 29. Na3 Bd3 30. Rad1 Bc4 31. Nxc4 dxc4 32. Ra1 h4 33. g4 Nd6 34. Rxe3
Nf7 35. Bf6 Kc6 36. Re6+ Kd5 37. Ra5+ Kxe6 38. Rxa6+ Kd5 39. Ra5+ Ke6 40. Be5
Ng5 41. h3 Kd7 42. f4 Ne4 43. f5 Nd2 44. f6 Nb3 45. Ra4 Ke6 46. Rxc4 Na5 47. Ra4
Nb7 48. g5 Nd8 49. g6 Kf5 50. g7 Ne6 51. g8=Q Ng5 52. d5 Ne4 53. Qg4+ Kxe5 54.
Qxe4+ Kxf6 55. Ra6+ Kg5 56. Qg4# 1-0

[Event "AUTO-INT-2819"]
[Site "http://www.queenalice.com/game.php?id=1263473"]
[Date "2014.3.9"]
[Round "1"]
[White "Nelsonbento"]
[Black "jfkarlsson"]
[Result "0-1"]
[WhiteElo "1614"]
[BlackElo "1463"]

1. Nf3 d6 2. h3 Nc6 3. c3 e5 4. e4 Nge7 5. b3 f5 6. Bc4 d5 7. exd5 Nxd5 8. Qe2
e4 9. Nd4 Nxd4 10. cxd4 Nf4 11. Qf1 Qxd4 12. Nc3 Bc5 13. Rb1 Be6 14. Ne2 Bxc4
15. bxc4 Nxe2 16. Qxe2 O-O-O 17. Bb2 Qd7 18. O-O Qxd2 19. Qe1 e3 20. Kh1 Rhe8
21. f4 e2 22. Rf3 Qxe1+ 23. Rxe1 Rd1 24. Bc3 Bd4 25. Bb4 c5 26. Bd2 Rxd2 27. Kh2
Rd1 28. Rxe2 Rxe2 29. a4 Rg1 30. Rg3 g6 31. h4 Ree1 32. Rf3 Rgf1 33. Rxf1 Rxf1
34. g3 Rg1 35. Kh3 Bf2 36. Kh2 Rxg3 37. a5 Rg4 38. Kh3 Rxh4+ 39. Kg2 Rxf4 40.
Kh3 Rxc4 41. Kg2 Be1 42. Kh3 Re4 43. Kg2 c4 44. a6 bxa6 45. Kh3 c3 46. Kg2 c2
47. Kh3 c1=Q 48. Kg2 Bh4 49. Kh3 Qh1# 0-1

[Event "Challenge"]
[Site "http://www.queenalice.com/game.php?id=1264505"]
[Date "2014.3.13"]
[Round "-"]
[White "dejami"]
[Black "jfkarlsson"]
[Result "1-0"]
[WhiteElo "1739"]
[BlackElo "1545"]

1. e4 e5 2. Bc4 Nf6 3. d3 c6 4. Nf3 d5 5. exd5 Nxd5 6. Nxe5 Qe7 7. f4 f6 8. O-O
fxe5 9. Re1 Nxf4 10. Bxf4 Nd7 11. Re2 g5 12. Bg3 Bg7 13. d4 h5 14. c3 h4 15. Bf2
Nb6 16. Bd3 Bg4 17. Qf1 Bxe2 18. Bxe2 1-0

[Event "Challenge"]
[Site "http://www.queenalice.com/game.php?id=1264507"]
[Date "2014.3.13"]
[Round "-"]
[White "dejami"]
[Black "jfkarlsson"]
[Result "1-0"]
[WhiteElo "1747"]
[BlackElo "1537"]

1. e4 Nc6 2. c3 e5 3. Bc4 Qe7 4. d3 Nf6 5. h3 d6 6. Nf3 Be6 7. Qb3 Na5 8. Qb5+
c6 9. Qxa5 Bxc4 10. dxc4 Nxe4 11. h4 b6 12. Qa4 Rc8 13. Qc2 f5 14. Bg5 Qe6 15.
Na3 d5 16. Qa4 a5 17. Be3 Bxa3 18. Qxa3 1-0

[Event "AUTO-INT-2845"]
[Site "http://www.queenalice.com/game.php?id=1276468"]
[Date "2014.4.26"]
[Round "1"]
[White "Borsssoi"]
[Black "jfkarlsson"]
[Result "1-0"]
[WhiteElo "1774"]
[BlackElo "1523"]

1. c4 e6 2. Nc3 Bb4 3. e4 Bxc3 4. bxc3 a5 5. Nf3 Ne7 6. Ba3 O-O 7. c5 Re8 8. e5
b5 9. Bxb5 c6 10. Bc4 Ba6 11. Bxa6 Nxa6 12. Qc2 h6 13. O-O Rb8 14. Rab1 Rb5 15.
Rxb5 cxb5 16. Rb1 Qb8 17. Qd3 Nc7 18. Qxd7 1-0

[Event "AUTO-INT-2845"]
[Site "http://www.queenalice.com/game.php?id=1276469"]
[Date "2014.4.26"]
[Round "1"]
[White "jfkarlsson"]
[Black "Borsssoi"]
[Result "0-1"]
[WhiteElo "1529"]
[BlackElo "1768"]

1. d4 d5 2. g3 Nf6 3. f3 c5 4. dxc5 Nbd7 5. Be3 Qa5+ 6. Qd2 Qxd2+ 7. Nxd2 e5 8.
f4 Bxc5 9. Bxc5 Nxc5 10. e3 e4 11. O-O-O Be6 12. Bb5+ Bd7 13. Bxd7+ Ncxd7 14. h3
Rc8 15. b3 Rc7 16. Kb1 O-O 17. Ne2 b5 18. g4 a5 0-1

[Event "AUTO-INT-2845"]
[Site "http://www.queenalice.com/game.php?id=1276486"]
[Date "2014.4.26"]
[Round "1"]
[White "jfkarlsson"]
[Black "Danado"]
[Result "0-1"]
[WhiteElo "1504"]
[BlackElo "1632"]

1. d4 d5 2. e3 a6 3. Nf3 Bg4 4. Be2 Bxf3 5. Bxf3 Nf6 6. Nd2 e6 7. O-O Bd6 8. g3
O-O 9. c4 dxc4 10. Bxb7 Ra7 11. Qf3 c6 12. Bxc6 Nxc6 13. Qxc6 Qc7 14. Qxc4 Qxc4
15. Nxc4 Bc7 16. Bd2 e5 17. dxe5 Ne4 18. Rad1 Nxd2 19. Rxd2 h6 20. Rfd1 Raa8 21.
Rd7 Rac8 0-1

[Event "AUTO-INT-2845"]
[Site "http://www.queenalice.com/game.php?id=1276487"]
[Date "2014.4.26"]
[Round "1"]
[White "Danado"]
[Black "jfkarlsson"]
[Result "0-1"]
[WhiteElo "1527"]
[BlackElo "1512"]

1. h3 d5 2. d4 Nc6 3. e3 f6 4. Bb5 Bd7 5. Bxc6 Bxc6 6. Nf3 Qd6 7. a3 O-O-O 8.
Nc3 e5 9. O-O g5 10. dxe5 fxe5 11. Nxg5 Qg6 12. Nf3 Bd6 13. Re1 d4 14. Nh4 Qf6
0-1